000 01462cam a22003977a 4500
003 CHAP
005 20220329142308.0
008 000522d1999 mx r 00110 spa d
010 _a81217
011 _a82189
035 _a92676
040 _cCHAP
090 _aTesis
100 0 0 _aCalderón Zavala, Orlando.
_917435
245 1 0 _aCalidad de fruto, rendimiento y fenología de cuatro clones de durazno (Prunus persica L. Batsch) en producción forzada en Acámbaro, Gto.
_c/por Orlando Calderón Zavala
260 _aChapingo, Méx. :
_bEl autor,
_c1999.
300 _a77 h. ;
_bgráfs.
502 _aTesis (Ing. Agr. Esp. en Fitotecnia) -- UACH. Departamento de Fitotecnia
590 _aALEPH
_b10
_c20130110
_lUCH01
_h1435
590 _aBATCH-UPD
_b10
_c20130109
_lUCH01
_h2345
590 _aBATCH-UPD
_b10
_c20130110
_lUCH01
_h0618
590 _aBATCH-UPD
_b10
_c20130409
_lUCH01
_h1915
590 _aBATCH-UPD
_b10
_c20130410
_lUCH01
_h0301
590 _aBATCH-UPD
_b10
_c20130914
_lUCH01
_h0817
590 _aCONVERSION
_b10
_c20130109
_lUCH01
_h1345
650 1 4 _aDurazno
_xFloración.
_934600
650 1 4 _aDurazno
_xGuanajuato.
_934605
650 1 4 _aDurazno
_xRendimiento.
_934625
650 1 4 _aDurazno
_xVariedades.
_934631
650 1 4 _aFrío
_xEfecto en durazno.
_943530
901 _aBK
905 _aAlejandra Carrasco M.
942 _cFOLL
949 _bBC
_cTES
_d33724000747788
_eTS2
_h36334
_i92676
_si
949 _bBC
_cTES
_d926761
_eTS1
_h36333
_i92676
_sb
999 _c81217
_d81217